[Event "16th Delhi GM Open 2018"]
[Site "Delhi"]
[Date "2018.01.16"]
[Round "10"]
[White "Hemant, Sharma"]
[Black "Pruijssers, Roeland"]
[Result "0-1"]
[WhiteElo "2348"]
[BlackElo "2536"]
[Annotator "TA"]
[PlyCount "111"]
[EventDate "2018.??.??"]
[EventType "swiss"]
[EventCountry "IND"]
[SourceTitle "playchess.com"]
[Source "ChessBase"]
[SourceQuality "1"]

{[%evp 20,111,14,-13,9,-11,-14,-19,-12,-19,-23,-31,-16,-51,-50,-90,-80,-100,-100,-94,-98,-99,-82,-85,-82,-91,-79,-72,-53,-50,-38,-43,-16,-18,-18,-27,-32,-43,-10,-27,-9,-11,-9,-25,-27,-37,-30,-69,-46,-66,-49,-116,-55,-105,-95,-145,-77,-148,-119,-131,0,-133,329,-118,0,-149,0,-171,0,-115,0,-137,-142,-463,0,-100,0,-201,1457,-102,0,-199,1443,-102,0,-206,1423,-106,0,-191,1360,-103,0,-179]} 1. c4 f5 2. Nc3 Nf6 3. g3 g6 4. Bg2 Bg7 5. d3 O-O 6. e4 fxe4 7. dxe4 d6 8. Nge2 c5 {A10: English Opening: Unusual Replies for Black} 9. O-O Nc6 10. h3 e5 (10... Be6 11. b3 Qd7 12. Kh2 a6 13. Be3 Ne8 14. Rc1 Nc7 15. Nd5 Rad8 16. f4 {½-½ (44) Howell,D (2693)-L'Ami,E (2623) Reykjavik 2015}) 11. Be3 {LiveBook: 4 Games} Nd4 12. Kh2 $146 ({Predecessor:} 12. f4 Be6 13. Nd5 Nxe2+ 14. Qxe2 Nh5 15. Kh2 Bxd5 16. exd5 exf4 17. Bxf4 Nxf4 18. Rxf4 Rxf4 19. gxf4 {0-1 (82) Quist,J (2310)-Van Oosterom,C (2380) Netherlands 2014}) 12... Be6 13. b3 Nh5 14. f3 Rf7 15. Qd2 Qf8 {[%cal Rd4f3]} 16. Ng1 a6 17. Qd3 Bh6 18. Bxh6 Qxh6 19. Nce2 g5 20. Nxd4 cxd4 21. Rac1 Rc8 ({And not} 21... Nxg3 22. Kxg3 b5 23. Kh2 $14) 22. Qd2 Qg6 ({Worse is} 22... Nxg3 23. Kxg3 Qh4+ 24. Kh2 $16) 23. Ne2 Nf6 24. g4 Rfc7 25. Ng3 Nd7 26. Rfe1 h6 27. Bf1 Qf6 28. Nf5 Bxf5 29. exf5 Nc5 30. Kg1 Kg7 31. Qd1 {[#]} h5 $1 {[%mdl 512]} 32. Rc2 (32. gxh5 Qxf5) 32... hxg4 33. hxg4 Rh8 $36 {[%mdl 2048] White is under pressure.} 34. Rd2 Qh6 {( -> ...Qh1+)} 35. Bg2 (35. Rg2 $1 $15) 35... Nd7 (35... Qh2+ $17 36. Kf1 Qf4) 36. Kf2 Qh4+ 37. Kf1 {Black should prevent Rxd4!} Nf6 (37... Rhc8 $142 $1 38. Qe2 Qh2) 38. Qe2 (38. Rb2 $142) 38... Qg3 39. Qf2 Qh4 40. Qe2 $1 Nd7 $2 {[%mdl 8192] [#]} (40... Rhc8 $17 {Strongly threatening ...b5!} 41. Qf2 Qh2) 41. Qd1 $2 (41. Rxd4 $1 $18 {[%mdl 512]} Rh6 (41... exd4 42. Qe7+) 42. Red1) 41... Nf6 42. Qe2 $1 Qg3 ({Black should try} 42... Rhc8 $17 {Hoping for ...b5!} 43. Qf2 Qh2) 43. Qd1 $2 (43. Qf2 $11 {and White stays safe.} Qf4 44. Rc2) 43... Qh4 ({Better is} 43... b5 $19 44. Rc2 Rhc8) 44. Qe2 $1 $17 {[#]} Qg3 (44... b5 $1 $17 {[%mdl 512] ...bxc4 is the strong threat.} 45. Rc2 (45. cxb5 Nd5) 45... Rhc8) 45. Qf2 (45. Qd1 $11) 45... Qf4 46. Qe2 $2 {[%mdl 8192]} (46. Rb2 $17 {is tougher.}) 46... Qg3 $2 (46... Nxg4 $19 {and Black stays clearly on top.} 47. Qd3 Rf7) 47. Qf2 Qf4 (47... Qh2 $17 48. Rc2 Qf4) 48. Rc2 $2 (48. Qe2 $1 $11) 48... Qg3 $4 {[%mdl 8192]} (48... Rh4 $19 49. Kg1 Kf8) 49. Rd2 $2 ({White must play} 49. Qxg3 $18 Nd7 50. Qf2) 49... Qf4 (49... Qh2 $17) 50. Rc2 $19 Qg3 $4 {[%mdl 8192]} (50... Rh4 $19 51. Kg1 Kh8) 51. Rd2 $2 (51. Qxg3 $18 Nd7 52. Qf2) 51... Qf4 (51... Qh2 $17 52. Rc2 Qf4) 52. Rc2 Qg3 $4 {[%mdl 8192]} (52... Rh4 $19 53. Kg1 Rc8) 53. Rd2 $2 (53. Qxg3 $18 Rcc8 54. Qf2) 53... Qf4 (53... Qh2 $17) 54. Rc2 $2 (54. Qe2 $11 {and White is okay.}) 54... Qg3 $4 {[%mdl 8192]} (54... Rh4 $19 55. Kg1 Rf7) 55. Rd2 $2 (55. Qxg3 $18 Nd7 56. Qf2) 55... Qf4 (55... Qh2 $17) 56. Rc2 {Precision: White = 33%, Black = 28%.} 0-1

[Event "16th Delhi GM Open 2018"]
[Site "Delhi"]
[Date "2018.01.16"]
[Round "10"]
[White "Sangma, Rahul"]
[Black "Nguyen, Duc Hoa"]
[Result "0-1"]
[WhiteElo "2332"]
[BlackElo "2490"]
[Annotator "TA"]
[PlyCount "62"]
[EventDate "2018.??.??"]
[EventType "swiss"]
[EventCountry "IND"]
[SourceTitle "playchess.com"]
[Source "ChessBase"]
[SourceQuality "1"]

{[%evp 20,62,17,18,46,0,59,-10,-11,-33,-37,-35,-24,-88,-79,-75,-87,-79,-68,-63,-20,-35,0,0,0,0,0,0,0,-63,-52,-68,-72,-63,-70,-373,-373,-545,-541,-591,-598,-599,-555,-29968,-12545]} 1. e4 c5 2. Nf3 d6 3. d4 cxd4 4. Nxd4 Nf6 5. Nc3 g6 6. Be3 Bg7 7. f3 a6 8. Qd2 b5 9. a4 {B75: Sicilian Dragon: Yugoslav Attack, Miscellaneous} b4 10. Nd5 Nxd5 11. exd5 {LiveBook: 4 Games. The position is equal.} Qa5 (11... Bb7 12. Bc4 Nd7 13. a5 Nf6 14. Ne2 O-O 15. Ra4 Rc8 16. b3 Rc5 17. Rxb4 Rxd5 18. Bxd5 Bxd5 {½-½ (61) Kramnik,V (2808)-Nakamura,H (2785) Stavanger 2017}) 12. Bc4 (12. Nb3 $5 {[%cal Rb3a5]} Qc7 13. Bd4 Bxd4 14. Qxd4 $11 (14. Nxd4 Bb7 $11)) 12... O-O (12... Bb7 $11) 13. O-O $146 (13. h4 $14) ({Predecessor:} 13. h4 Bb7 14. h5 Rc8 15. Bb3 Bxd5 16. hxg6 Bxb3 17. Nxb3 {1-0 (48) Amanov,Z (2390)-Shtyrenkov,V (2380) Alushta 2009}) 13... Bb7 $11 14. Nb3 Qc7 15. Qxb4 {Na5 is the strong threat.} Nd7 $1 {White must now prevent ...a5.} 16. Bd4 (16. Nd2 $11) 16... Bxd4+ $17 17. Nxd4 Rab8 18. Ba2 Bxd5 19. Qd2 Ba8 20. Kh1 Rxb2 {Threatens to win with ...e5.} 21. Bb3 $1 Rb8 22. Rfe1 Ne5 23. Qc1 Nc4 $36 {[%mdl 2048] [#] White is under pressure.} 24. Qg5 (24. Nf5 $1 $11 {[%mdl 512]} gxf5 25. Qg5+ Kf8 26. Bxc4) 24... Qc5 $1 $15 {[%cal Rc5g5]} 25. Qh4 Ne5 26. Rad1 Rb4 $1 27. Qxe7 $4 {[%mdl 8192]} ({Better is} 27. Qf4 $15 e6 28. Qe3) 27... Rxd4 $19 28. Rxd4 (28. Ra1 {was worth a try.} Bxf3 29. gxf3) 28... Qxd4 29. Qd8+ Kg7 30. Qxa8 {[#]} Rxb3 $1 {[%mdl 512]} 31. cxb3 {Hoping for Qe4.} Nd3 {Precision: White = 28%, Black = 76%.} 0-1

[Event "16th Delhi GM Open 2018"]
[Site "Delhi"]
[Date "2018.01.16"]
[Round "10"]
[White "Roy Chowdhury, Saptarshi"]
[Black "Deepan Chakkravarthy J."]
[Result "0-1"]
[WhiteElo "2318"]
[BlackElo "2475"]
[Annotator "TA"]
[PlyCount "96"]
[EventDate "2018.??.??"]
[EventType "swiss"]
[EventCountry "IND"]
[SourceTitle "playchess.com"]
[Source "ChessBase"]
[SourceQuality "1"]

{[%evp 19,96,11,20,10,21,0,13,4,14,24,21,7,6,11,13,0,0,0,0,0,0,0,27,-25,-20,-33,-31,-23,-29,-102,-100,-200,-199,-191,-185,-229,-235,-272,-281,-275,-268,-357,-309,-328,53,-332,0,-339,-331,-318,-301,-361,-285,-330,-321,-329,-266,-390,-373,-435,-438,-425,-408,-408,-364,-341,-308,-288,-303,-362,-345,-530,-517,-443,-297,-1234,-1192,-1175,-1170]} 1. e4 c5 2. Nf3 d6 3. c3 Nf6 4. Be2 g6 5. O-O Bg7 6. Re1 O-O 7. Bf1 Bg4 8. h3 Bxf3 9. Qxf3 Nc6 10. d3 b5 {LiveBook: 8 Partien. B50: Sizilianisch (Verschiedenes mit 2...d6)} 11. a3 a5 12. Qd1 Nd7 {[%cal Bf6d7,Bd7c5,Bc5e4][%mdl 32] Die Stellung ist ausgeglichen.} 13. Be3 $146 ({Vorgänger:} 13. d4 cxd4 14. Bxb5 Qb6 15. a4 Rfc8 16. Ra3 Nc5 17. Bg5 h6 18. Bh4 {1-0 (40) Sokolov,A (2555)-Shneider,A (2570) Alushta 1994}) 13... Qb6 14. Nd2 a4 15. Nf3 Qb7 16. d4 Na5 {[%cal Bc6a5,Ba5b7,Bb7d6][%mdl 32]} 17. dxc5 Nxc5 18. Qd5 Nxe4 19. Qxb7 Nxb7 20. Bxb5 {Droht stark Lc6.} Rfc8 21. Bd4 (21. Nd4 $142) 21... d5 $11 22. Rad1 e6 23. Bxg7 Kxg7 24. Nd4 (24. Rd4 $11) 24... Nbd6 $17 25. Bd7 {[#]} (25. f3 $17 {war angesagt.} Nc5 26. Bf1) 25... Rcb8 $1 $19 26. Bxe6 fxe6 27. Nxe6+ Kf7 28. Nc7 Ra7 29. Nxd5 Rxb2 30. c4 Nc5 31. Ne3 Nce4 $2 {[#]} (31... Nde4 $19 32. Rd5 Rb3) 32. Nd5 $2 {[%mdl 8192]} (32. c5 $1 $14 {[%mdl 512] bleibt weiter vorne.} Nb5 (32... Nxc5 33. Rxd6) 33. Nc4 Nxf2 34. Rf1 (34. Nxb2 Nxd1 35. Rxd1 Nxa3 $11)) 32... Nc5 33. Ne3 $1 Nde4 34. Ng4 Rc7 35. Rd4 Ng5 36. Rf4+ Kg7 {zielt auf ...Sd3 ab.} 37. Rd4 Nf7 38. Re8 (38. Rd5 {war nötig.}) 38... Rb3 39. Rf4 Nd6 40. Nf6 Nf5 41. Nd5 Rf7 42. g4 Nd6 (42... Rxh3 43. gxf5 Rxf5 44. Rxf5 $11) 43. Rxf7+ Nxf7 44. Rc8 Ne4 ({Schlechter ist} 44... Rxh3 45. Rxc5 Rxa3 46. Rc7 $11) 45. c5 (45. Ra8 {ist eine bessere Verteidigung.}) 45... Nfg5 {Und weiter mit ...Tb1+ wäre nett.} 46. Rc7+ Kh6 47. c6 $2 (47. h4 Nf3+ 48. Kf1) 47... Rb1+ 48. Kg2 Rb2 {Precision: Weiß = 25%, Schwarz = 69%.} 0-1

[Event "16th Delhi GM Open 2018"]
[Site "Delhi"]
[Date "2018.01.16"]
[Round "10"]
[White "Koustav Chatterjee"]
[Black "Tukhaev, Adam"]
[Result "0-1"]
[WhiteElo "2288"]
[BlackElo "2570"]
[Annotator "TA"]
[PlyCount "66"]
[EventDate "2018.??.??"]
[EventType "swiss"]
[EventCountry "IND"]
[SourceTitle "playchess.com"]
[Source "ChessBase"]
[SourceQuality "1"]

{[%evp 9,66,34,70,12,26,0,0,-29,-42,-35,-30,-47,-29,-91,-75,-75,-63,-68,-62,-70,-61,-122,-137,-137,-125,-125,-138,-153,-167,-170,-157,-241,-225,-304,-304,-347,-355,-357,-337,-402,-413,-389,-384,-415,-419,-610,-609,-915,-902,-1247,-1191,-1207,-1114,-1577,-1547,-1495,-1393,-29988,-5024]} 1. d4 g6 2. Bf4 Bg7 3. Nc3 d6 4. e4 a6 5. Nf3 (5. Qd2 b5 6. Nf3 Bb7 7. e5 Nd7 8. exd6 cxd6 9. Be2 b4 10. Nd1 Qb6 11. a3 a5 12. axb4 axb4 13. Rxa8+ Bxa8 {0-1 (75) Ushenina,A (2416)-Paehtz,E (2464) Huaian 2017}) 5... b5 {LiveBook: 13 Partien} 6. a3 {B06: Moderne Verteidigung} (6. Bd3 $14) 6... Bb7 $11 7. Qd2 Nd7 8. O-O-O {Die Stellung ist ausgeglichen.} c5 $146 ({Vorgänger:} 8... e6 9. h4 h6 10. d5 e5 11. Be3 {1-0 (46) Bruemmer,F (2237)-Werner,K (2255) Germany 2004}) 9. dxc5 Nxc5 10. e5 {[%cal Re5d6]} Ne6 {Droht stark ...Lxf3.} 11. Ng5 (11. exd6 Bxf3 12. gxf3 Nxf4 $17) (11. Be2 $11 {bleibt in der Remisbreite.}) 11... Nxg5 $17 12. Bxg5 {[%cal Re5d6]} Bxe5 13. Nd5 Rc8 14. h4 Bg7 15. h5 ({Günstiger ist} 15. Be2 $15) 15... Rc5 ({Auf keinen Fall} 15... Bxd5 16. Qxd5 Qb6 17. Be3 $11) 16. h6 {[#]} Bxb2+ $1 {[%mdl 512]} 17. Kxb2 {Sc3 ist eine echte Drohung.} Rxd5 18. Qc3 f6 19. Rxd5 Bxd5 20. f4 (20. Be3 $17 {kämpft weiter.}) 20... Qd7 21. Ka1 Kf7 22. Bd3 Qc6 ({Finger weg von} 22... Bxg2 23. Rg1 $19) 23. Qb2 Bxg2 24. Re1 e5 25. fxe5 dxe5 26. Kb1 Ne7 27. Rxe5 (27. Bd2 $142) 27... Nd5 $19 ({Falsch wäre} 27... fxg5 $2 28. Rxe7+ $1 {[%mdl 512]} Kxe7 29. Qxh8 $18) 28. Ka1 fxe5 29. c4 bxc4 30. Bb1 Nf6 31. Qxe5 Re8 32. Qd4 Re1 {( -> ...Le4)} 33. Ka2 Rxb1 {Precision: Weiß = 31%, Schwarz = 91%.} (33... c3 $142 34. Qf2 Bd5+ 35. Ka1 {[#]} Qd6 $1 {[%mdl 512]} 36. Qa7+ Qe7 37. Qxe7+ Kxe7 38. Bh4 Rd1 39. Bg5 c2 40. Bxf6+ Kxf6 41. Kb2 cxb1=Q+ 42. Kc3 Rd3#) 0-1